Specification for equipment and general procedure for mixing and vulcanizing rubber test mixes (Record no. 73030)

MARC details
000 -LEADER
fixed length control field 00459nam a2200145Ia 4500
245 #0 - TITLE STATEMENT
Title Specification for equipment and general procedure for mixing and vulcanizing rubber test mixes
260 ## - PUBLICATION, DISTRIBUTION, ETC. (IMPRINT)
Place of publication London
260 ## - PUBLICATION, DISTRIBUTION, ETC. (IMPRINT)
Year of publication 1976
Name of publisher British Standards Institution
490 ## - SERIES STATEMENT
Series statement British Standards
500 ## - GENERAL NOTE
General note Standard number: BS 1674
650 ## - SUBJECT ADDED ENTRY--TOPICAL TERM
Topical Term Rubber test mixes
650 ## - SUBJECT ADDED ENTRY--TOPICAL TERM
Topical Term Rubber vulcanization
942 ## - ADDED ENTRY ELEMENTS (KOHA)
Koha item type Standards
Holdings
Withdrawn status Lost status Damaged status Not for loan Home library Current library Date acquired Koha item type
      Standards RRII Library RRII Library 31/12/2021 Standards